Critical media studies : (Record no. 52575)

MARC details
000 -LEADER
fixed length control field 00559nam a2200205Ia 4500
005 - DATE AND TIME OF LATEST TRANSACTION
control field 20260429112137.0
008 - FIXED-LENGTH DATA ELEMENTS--GENERAL INFORMATION
fixed length control field 260429s9999||||xx |||||||||||||| ||und||
020 ## - INTERNATIONAL STANDARD BOOK NUMBER
International Standard Book Number 9781394240340
041 ## - LANGUAGE CODE
Language English
082 ## - DEWEY DECIMAL CLASSIFICATION NUMBER
Classification number 302.23
Item number OTT
100 ## - MAIN ENTRY--PERSONAL NAME
Personal name Ott, Brian L.
245 #0 - TITLE STATEMENT
Title Critical media studies :
Remainder of title an introduction for the digital age /
Statement of responsibility, etc Brian L. Ott
250 ## - EDITION STATEMENT
Edition statement 4th ed.
260 ## - PUBLICATION, DISTRIBUTION, ETC. (IMPRINT)
Place of publication, distribution, etc New Jersey :
Name of publisher, distributor, etc Wiley Blackwell,
Date of publication, distribution, etc 2026.
300 ## - PHYSICAL DESCRIPTION
Extent xi, 460 p.; pbk
650 ## - SUBJECT ADDED ENTRY--TOPICAL TERM
Topical term or geographic name as entry element Digital age
650 ## - SUBJECT ADDED ENTRY--TOPICAL TERM
Topical term or geographic name as entry element Media
700 ## - ADDED ENTRY--PERSONAL NAME
Personal name Mack, Robert L.
942 ## - ADDED ENTRY ELEMENTS (KOHA)
Koha item type Text Books
Holdings
Withdrawn status Lost status Damaged status Not for loan Collection code Home library Location Shelving location Date of Cataloging Source of acquisition Total Checkouts Full call number Barcode Date last seen Price effective from Koha item type
        Non-fiction CUTN Central Library CUTN Central Library Social Sciences 29/04/2026 TBH Library Book Suppliers, Chennai - Invoice No. SINV00733 on 09-02-2026   302.23 OTT 57678 29/04/2026 29/04/2026 Text Books